[Event "Katernberg II - Brackel"]
[Site "?"]
[Date "2024.02.18"]
[Round "6.1"]
[White "Fiebig, Thomas"]
[Black "Scheck, Kyrill"]
[Result "1-0"]
[WhiteElo "2410"]
[BlackElo "2110"]
[PlyCount "77"]
[EventDate "2024.??.??"]
[SourceVersionDate "2023.09.04"]

1. e4 c5 2. c3 a6 3. d4 cxd4 4. cxd4 d5 5. e5 Nc6 6. Nc3 Bf5 7. Be3 e6 8. g4 Bg6 9. Nh3 Qb6 10. Qd2 Bb4 11. f3 Nge7 12. Nf4 Rc8 13. h4 h5 14. Nxg6 Nxg6 15. a3 Bxc3 16. Qxc3 hxg4 17. fxg4 Rxh4 18. Rxh4 Nxh4 19. Kf2 Kd7 20. Be2 Ng6 21. Rh1 Na5 22. Qb4 Qxb4 23. axb4 Nc4 24. Bc1 Rh8 25. Rxh8 Nxh8 26. b3 Nb6 27. b5 axb5 28. Bxb5+ Kc7 29. Ba3 f6 30. Bf8 fxe5 31. Bxg7 Nf7 32. Be8 Ng5 33. Bxe5+ Kd8 34. Bg6 Nd7 35. Bg3 Ke7 36. Bh4 Kf6 37. Bd3 e5 38. Bf5 exd4 39. Bxd7 1-0

[Event "Katernberg II - Brackel"]
[Site "?"]
[Date "2024.02.18"]
[Round "6.2"]
[White "Meyer, Armin"]
[Black "Luft, Dennis"]
[Result "1/2-1/2"]
[WhiteElo "2188"]
[BlackElo "2277"]
[PlyCount "104"]
[EventDate "2024.??.??"]
[SourceVersionDate "2023.09.04"]

1. Nf3 d5 2. e3 Nf6 3. c4 e6 4. Nc3 Be7 5. b3 b6 6. cxd5 Nxd5 7. Nxd5 Qxd5 8. Bb2 O-O 9. Qc2 Na6 10. a3 Rd8 11. h4 Nc5 12. Bc4 Qe4 13. Qxe4 Nxe4 14. Rd1 Bb7 15. d4 c5 16. a4 cxd4 17. Rxd4 Bb4+ 18. Ke2 Nc3+ 19. Bxc3 Bxc3 20. Rxd8+ Rxd8 21. Rc1 Bb2 22. Rb1 Bf6 23. g3 h6 24. Ne1 Kf8 25. f3 g5 26. hxg5 hxg5 27. Rd1 Rxd1 28. Kxd1 Bc3 29. f4 Kg7 30. Ke2 gxf4 31. gxf4 e5 32. fxe5 Bxe5 33. Nf3 Bf6 34. Nd4 Bxd4 35. exd4 a5 36. Kd3 Kf6 37. Kc3 Ke7 38. b4 f6 39. bxa5 bxa5 40. d5 Kd6 41. Kd4 Bc8 42. Bd3 Bd7 43. Bc2 Bg4 44. Ke4 Kc5 45. Bb3 Bd7 46. Bc2 Bh3 47. Bb3 Bg4 48. Kf4 Bd7 49. Ke4 Kb4 50. Bd1 Kc3 51. Bh5 Bxa4 52. Bg4 Bb5 1/2-1/2

[Event "Katernberg II - Brackel"]
[Site "?"]
[Date "2024.02.18"]
[Round "6.3"]
[White "Fluechter, Gregor"]
[Black "Villwock, Martin"]
[Result "1-0"]
[WhiteElo "2288"]
[BlackElo "2096"]
[PlyCount "61"]
[EventDate "2024.??.??"]
[SourceVersionDate "2023.09.04"]

1. e4 c5 2. Nf3 Nc6 3. c3 Nf6 4. e5 Nd5 5. d4 cxd4 6. cxd4 d6 7. Bc4 Nb6 8. Bb5 Bd7 9. Nc3 e6 10. O-O a6 11. Bd3 dxe5 12. dxe5 Qc7 13. Bf4 Nb4 14. Rc1 Nxd3 15. Qxd3 Bc6 16. Rfd1 Be7 17. Nd4 Rd8 18. Qg3 g5 19. Bxg5 Rg8 20. Ne4 Bxg5 21. Nf6+ Ke7 22. Nxg8+ Rxg8 23. f4 Bxf4 24. Nxc6+ bxc6 25. Qxf4 Nd5 26. Rxd5 exd5 27. Qf6+ Ke8 28. Rxc6 Qa7+ 29. Kh1 Qd7 30. e6 Qxc6 31. exf7+ 1-0

[Event "Katernberg II - Brackel"]
[Site "?"]
[Date "2024.02.18"]
[Round "6.4"]
[White "Gassmann, Volker"]
[Black "Steinmetzer, Thomas"]
[Result "0-1"]
[WhiteElo "2093"]
[BlackElo "2214"]
[PlyCount "60"]
[EventDate "2024.??.??"]
[SourceVersionDate "2023.09.04"]

1. d4 d5 2. c4 e6 3. Nf3 Nf6 4. Nc3 c6 5. e3 Nbd7 6. Be2 dxc4 7. a4 Bb4 8. O-O Qa5 9. Bd2 O-O 10. Bxc4 e5 11. Qb3 exd4 12. exd4 Nb6 13. Bg5 Nxc4 14. Qxc4 Be6 15. Qd3 Nd5 16. Ne4 f6 17. Be3 Bf5 18. Nh4 Bc8 19. Bd2 Bxd2 20. Nxd2 g5 21. Nhf3 Nf4 22. Qe3 Bf5 23. Qb3+ Be6 24. Qxb7 g4 25. b4 Qd5 26. Nh4 Qg5 27. Rfe1 Bd5 28. Qc7 Rac8 29. Qxa7 Qxh4 30. Ne4 Nxg2 0-1

[Event "Katernberg II - Brackel"]
[Site "?"]
[Date "2024.02.18"]
[Round "6.5"]
[White "Tkachuk, Konstantyn"]
[Black "Dahm, Bernd"]
[Result "1/2-1/2"]
[WhiteElo "2253"]
[BlackElo "2083"]
[PlyCount "47"]
[EventDate "2024.??.??"]
[SourceVersionDate "2023.09.04"]

1. e4 e6 2. d4 d5 3. exd5 exd5 4. Nf3 Nf6 5. Bd3 Bg4 6. O-O Be7 7. Nbd2 O-O 8. Re1 Re8 9. Nf1 Nbd7 10. h3 Bh5 11. Ng3 Bg6 12. Nf5 Bf8 13. Rxe8 Qxe8 14. Bf4 Qe6 15. N3h4 Qb6 16. Rb1 Re8 17. c3 Ne4 18. Ne3 c6 19. f3 Nd6 20. Nxg6 hxg6 21. Qd2 Qd8 22. Ng4 Nf6 23. Nxf6+ Qxf6 24. Bg5 1/2-1/2

[Event "Katernberg II - Brackel"]
[Site "?"]
[Date "2024.02.18"]
[Round "6.6"]
[White "Dette, Jan"]
[Black "Goldschmidt, Christian"]
[Result "1/2-1/2"]
[WhiteElo "2076"]
[BlackElo "2186"]
[PlyCount "101"]
[EventDate "2024.??.??"]
[SourceVersionDate "2023.09.04"]

1. e4 e5 2. Bc4 Nf6 3. d4 exd4 4. Nf3 Nc6 5. O-O Bc5 6. e5 d5 7. exf6 dxc4 8. fxg7 Rg8 9. Re1+ Be6 10. Bg5 Be7 11. Bxe7 Qxe7 12. Nxd4 Rd8 13. c3 Nxd4 14. cxd4 Rxg7 15. Nc3 c6 16. Qd2 Kf8 17. Re5 Qh4 18. Ne4 Rg6 19. g3 Rd5 20. Re1 Qd8 21. Qb4+ Kg7 22. Qxb7 Rxd4 23. Qxa7 Rd5 24. Rxd5 Qxd5 25. Qc5 Bf5 26. Qe3 Re6 27. f3 f6 28. Qe2 Qd4+ 29. Kg2 Bxe4 30. fxe4 Rd6 31. Qg4+ Kf7 32. Qh5+ Kg7 33. Re2 Qd1 34. e5 Qd5+ 35. Kh3 fxe5 36. Qg5+ Rg6 37. Qe7+ Kg8 38. Qe8+ Kg7 39. Qe7+ Kg8 40. Qe8+ Kg7 41. Qxe5+ Rf6 42. a3 Qxe5 43. Rxe5 Rf2 44. Rc5 Rxb2 45. Rxc4 Ra2 46. a4 c5 47. g4 Kf6 48. Kg3 h6 49. h3 Ra3+ 50. Kh4 Kg6 51. Rxc5 1/2-1/2

[Event "Katernberg II - Brackel"]
[Site "?"]
[Date "2024.02.18"]
[Round "6.7"]
[White "Skabs, Denis"]
[Black "Geerlings, Gerd"]
[Result "1-0"]
[WhiteElo "2083"]
[BlackElo "2292"]
[PlyCount "71"]
[EventDate "2024.??.??"]
[SourceVersionDate "2023.09.04"]

1. e4 c5 2. d4 cxd4 3. c3 dxc3 4. Nxc3 Nc6 5. Nf3 g6 6. Bc4 d6 7. e5 dxe5 8. Qxd8+ Kxd8 9. Ng5 Nh6 10. Bxf7 Nd4 11. Bb3 Nxb3 12. axb3 e6 13. Be3 a6 14. Bb6+ Ke8 15. Bc7 Nf7 16. Nxf7 Kxf7 17. Bxe5 Bg7 18. Bxg7 Kxg7 19. O-O-O Rf8 20. f3 Rf7 21. Rd8 b5 22. Rhd1 Rc7 23. Kb1 Raa7 24. h4 Bd7 25. Ne4 b4 26. g4 Bc6 27. Ng5 Re7 28. Re1 Bd5 29. Re3 h6 30. Ne4 Rf7 31. Nc5 Rae7 32. f4 h5 33. g5 a5 34. Rd6 Rf5 35. Re5 Rc7 36. Rdxd5 1-0

[Event "Katernberg II - Brackel"]
[Site "?"]
[Date "2024.02.18"]
[Round "6.8"]
[White "Mamikonyan, Davit"]
[Black "Bungarten, Jona"]
[Result "0-1"]
[WhiteElo "1869"]
[BlackElo "2095"]
[PlyCount "50"]
[EventDate "2024.??.??"]
[SourceVersionDate "2023.09.04"]

1. c4 e6 2. Nc3 d5 3. cxd5 exd5 4. d4 Nf6 5. Bg5 Be7 6. Nf3 O-O 7. e3 c6 8. h3 Bf5 9. Bd3 Ne4 10. Bxe4 dxe4 11. Bxe7 Qxe7 12. Nd2 Nd7 13. g4 Bg6 14. h4 h6 15. Qe2 f5 16. O-O-O fxg4 17. Qxg4 Bf5 18. Qg2 Nf6 19. Rdg1 Rae8 20. Ne2 c5 21. Kb1 Bg4 22. Nf4 Kh7 23. Nd5 Nxd5 24. Qxg4 Rxf2 25. Nxe4 Qxe4+ 0-1

[Event "Mülheim Nord II - Wattescheid"]
[Site "?"]
[Date "2024.03.10"]
[Round "7.1"]
[White "Koscielski, Janusz"]
[Black "Van Osch, Mees"]
[Result "1/2-1/2"]
[WhiteElo "2265"]
[BlackElo "2351"]
[PlyCount "108"]
[EventDate "2024.??.??"]
[SourceVersionDate "2023.09.04"]

1. e4 c5 2. c3 Nf6 3. e5 Nd5 4. Nf3 Nc6 5. Bc4 Nb6 6. Bb3 c4 7. Bc2 d5 8. exd6 Qxd6 9. O-O Bg4 10. Qe2 Qe6 11. Qxe6 Bxe6 12. b3 Bd5 13. Na3 e6 14. Nxc4 Nxc4 15. bxc4 Bxc4 16. d3 Ba6 17. Be3 Be7 18. Rfd1 O-O 19. Rac1 Rfd8 20. Nd4 Nxd4 21. Bxd4 Ba3 22. Rb1 b6 23. Be3 Rac8 24. c4 e5 25. Bb3 Rd6 26. Kf1 Kf8 27. Ke2 Bc5 28. f3 Bxe3 29. Kxe3 Rd4 30. g3 Ke7 31. f4 f6 32. fxe5 fxe5 33. Rf1 Rcd8 34. Rbd1 g6 35. a4 R8d7 36. Bc2 e4 37. dxe4 Rxd1 38. Rxd1 Rxd1 39. Bxd1 Bxc4 40. Kd4 Be6 41. Be2 Bd7 42. Bb5 a6 43. Bxa6 Bxa4 44. Bd3 b5 45. Kd5 Bb3+ 46. Kd4 Ba4 47. Kd5 b4 48. Kc4 b3 49. Kb4 Bc6 50. Kxb3 Kf6 51. Kc3 Ke5 52. Kd2 Bxe4 53. Bb5 Kd4 54. Ke2 Bd5 1/2-1/2

[Event "Mülheim Nord II - Wattenscheid"]
[Site "?"]
[Date "2024.03.10"]
[Round "7.2"]
[White "Stillger, Bernhard"]
[Black "Schiffer, Kai-Uwe"]
[Result "1/2-1/2"]
[WhiteElo "2261"]
[BlackElo "2272"]
[PlyCount "50"]
[EventDate "2024.??.??"]
[SourceVersionDate "2023.09.04"]

1. d4 d5 2. c4 e6 3. Nf3 Nf6 4. g3 dxc4 5. Bg2 c5 6. O-O Nc6 7. dxc5 Qxd1 8. Rxd1 Bxc5 9. Nbd2 c3 10. bxc3 O-O 11. Ne1 Rd8 12. Nd3 Be7 13. Bb2 Bd7 14. Nb3 Be8 15. c4 b6 16. Rac1 Rac8 17. c5 bxc5 18. Nbxc5 Nb4 19. Nxb4 Rxd1+ 20. Rxd1 Rxc5 21. a3 a5 22. Nd3 Rc2 23. Rc1 Rxc1+ 24. Bxc1 a4 25. Kf1 Kf8 1/2-1/2

[Event "Mülheim Nord II - Wattenscheid"]
[Site "?"]
[Date "2024.03.10"]
[Round "7.3"]
[White "Wengenroth, Walter"]
[Black "De Boer, Bas"]
[Result "1/2-1/2"]
[WhiteElo "2240"]
[BlackElo "2219"]
[PlyCount "88"]
[EventDate "2024.??.??"]
[SourceVersionDate "2023.09.04"]

1. e4 c5 2. Nf3 d6 3. d4 cxd4 4. Nxd4 Nf6 5. Nc3 Nc6 6. Bg5 Bd7 7. Qd2 e6 8. Ndb5 Nb4 9. O-O-O Bxb5 10. Bxb5+ Nc6 11. Bf4 Qb6 12. Bxd6 O-O-O 13. Qf4 Nd4 14. Bxf8 Rhxf8 15. Bd3 e5 16. Qg3 Ne6 17. Kb1 Qc5 18. Rhe1 Kb8 19. Be2 a6 20. Nd5 Nxd5 21. exd5 Nf4 22. Qxg7 f6 23. Bf3 Qxf2 24. d6 Qb6 25. Qxh7 Ne6 26. h4 Nc5 27. b3 Rxd6 28. Rxd6 Qxd6 29. Rd1 Qb6 30. Qe7 Rc8 31. Qd6+ Qxd6 32. Rxd6 f5 33. Rf6 f4 34. Rf5 Re8 35. h5 Kc7 36. Rf6 e4 37. Be2 Rg8 38. Rxf4 Rxg2 39. Bf1 Rh2 40. Rf5 Kd6 41. Kb2 e3 42. Rf6+ Ke5 43. Rf3 Ke4 44. Rf7 Rxh5 1/2-1/2

[Event "Mülheim Nord II - Wattenscheid"]
[Site "?"]
[Date "2024.03.10"]
[Round "7.5"]
[White "Thiel, Thomas"]
[Black "Proettel, Swen"]
[Result "1-0"]
[WhiteElo "2112"]
[BlackElo "2143"]
[PlyCount "73"]
[EventDate "2024.??.??"]
[SourceVersionDate "2023.09.04"]

1. e4 d5 2. exd5 Qxd5 3. Nc3 Qa5 4. d4 Nf6 5. Nf3 Nc6 6. Bb5 Ne4 7. a4 a6 8. Bxc6+ bxc6 9. O-O Nxc3 10. bxc3 Bf5 11. Qd2 e6 12. Ne5 Qd5 13. Re1 Rd8 14. Qe2 f6 15. Nc4 Kf7 16. Ne3 Qa5 17. Nxf5 Qxf5 18. Qxa6 Bd6 19. Qxc6 Qxc2 20. c4 Rhe8 21. c5 Ra8 22. Be3 Bf8 23. Qxc7+ Re7 24. Qc6 Rea7 25. a5 Qc4 26. Rec1 Qd3 27. Rab1 Rxa5 28. Rb7+ Kg8 29. Qxe6+ Kh8 30. Rbb1 Ra2 31. h3 Re2 32. Qc4 Rxe3 33. fxe3 Qxe3+ 34. Kh1 Qg3 35. Rb3 Qg6 36. Rcb1 Ra2 37. Qd5 1-0

[Event "Mülheim Nord II - Wattenscheid"]
[Site "?"]
[Date "2024.03.10"]
[Round "7.6"]
[White "Albers, Sasa"]
[Black "Hirsch, Stefan"]
[Result "1/2-1/2"]
[WhiteElo "2269"]
[BlackElo "2124"]
[PlyCount "71"]
[EventDate "2024.??.??"]
[SourceVersionDate "2023.09.04"]

1. e4 e5 2. Nf3 Nc6 3. Bb5 a6 4. Ba4 Nf6 5. O-O Be7 6. Re1 b5 7. Bb3 d6 8. c3 O-O 9. h3 Nb8 10. d4 Nbd7 11. Nbd2 Bb7 12. Bc2 Re8 13. Nf1 Bf8 14. Ng3 g6 15. a4 c6 16. Bg5 h6 17. Be3 Qc7 18. Qd2 Kh7 19. b3 Rad8 20. Qc1 Bg7 21. dxe5 dxe5 22. Bd3 Nc5 23. Bxc5 Rxd3 24. Qc2 Rdd8 25. c4 Nd7 26. Be3 b4 27. Rad1 c5 28. Bc1 Nf8 29. Nf1 Rxd1 30. Rxd1 Ne6 31. Ne3 Nd4 32. Nxd4 exd4 33. Nd5 Qd8 34. Qd3 Qh4 35. f4 Bc8 36. Bd2 1/2-1/2

[Event "Mülheim Nord II - Wattenscheid"]
[Site "?"]
[Date "2024.03.10"]
[Round "7.7"]
[White "Leveikina, Jevgenija"]
[Black "Bus, Tom"]
[Result "1/2-1/2"]
[WhiteElo "2064"]
[BlackElo "2086"]
[PlyCount "37"]
[EventDate "2024.??.??"]
[SourceVersionDate "2023.09.04"]

1. d4 Nf6 2. Nf3 c5 3. c3 e6 4. Bf4 d5 5. e3 Nc6 6. Be2 Bd6 7. Bg3 O-O 8. Nbd2 b6 9. O-O Bb7 10. Re1 Qc7 11. Nf1 e5 12. dxe5 Nxe5 13. Nxe5 Bxe5 14. Bf3 Ne4 15. Qc2 Nxg3 16. Nxg3 g6 17. Rad1 Rad8 18. Nf1 Rfe8 19. Rd2 1/2-1/2

[Event "Mülheim Nord II - Wattenscheid"]
[Site "?"]
[Date "2024.03.10"]
[Round "7.8"]
[White "Hausrath, Michaela"]
[Black "Klueting, Reiner"]
[Result "1/2-1/2"]
[WhiteElo "1831"]
[BlackElo "1951"]
[PlyCount "29"]
[EventDate "2024.??.??"]
[SourceVersionDate "2023.09.04"]

1. d4 Nf6 2. c4 e5 3. dxe5 Ng4 4. Bf4 Bb4+ 5. Nd2 Nc6 6. Ngf3 Qe7 7. a3 Bxd2+ 8. Qxd2 Ngxe5 9. Nxe5 Nxe5 10. e3 d6 11. Qc3 f6 12. Be2 O-O 13. O-O b6 14. b4 Bb7 15. c5 1/2-1/2

[Event "Mülheim-Nord III - Katernberg 2"]
[Site "?"]
[Date "2024.03.10"]
[Round "7.1"]
[White "Bee, Marcus"]
[Black "Walter, Andreas"]
[Result "1/2-1/2"]
[WhiteElo "2205"]
[BlackElo "2155"]
[PlyCount "20"]
[EventDate "2024.??.??"]
[SourceVersionDate "2023.09.04"]

1. g3 d5 2. Bg2 c5 3. c4 d4 4. Nf3 Nc6 5. O-O e5 6. d3 f6 7. e3 Be6 8. Re1 Qd7 9. exd4 cxd4 10. a3 a5 1/2-1/2

[Event "Mülheim-Nord III - Katernberg 2"]
[Site "?"]
[Date "2024.03.10"]
[Round "7.2"]
[White "Oltmanns, Jan"]
[Black "Scheck, Kyrill"]
[Result "0-1"]
[WhiteElo "2163"]
[BlackElo "2107"]
[PlyCount "56"]
[EventDate "2024.??.??"]
[SourceVersionDate "2023.09.04"]

1. Nf3 g6 2. g3 Bg7 3. Bg2 e5 4. c4 e4 5. Ng1 Nf6 6. Nc3 O-O 7. Nxe4 Nxe4 8. Bxe4 Re8 9. Bg2 Nc6 10. Nf3 d5 11. cxd5 Qxd5 12. O-O Bg4 13. h3 Bxf3 14. Bxf3 Qe6 15. Kh2 Nd4 16. e3 Nxf3+ 17. Qxf3 Qa6 18. Re1 c5 19. Qe2 c4 20. a3 Rad8 21. Rb1 Rd3 22. Qd1 Red8 23. Qc2 Qe6 24. Rf1 h5 25. h4 b5 26. Qd1 Qe4 27. Ra1 Be5 28. Kg1 a5 0-1

[Event "Mülheim-Nord III - Katernberg 2"]
[Site "?"]
[Date "2024.03.10"]
[Round "7.3"]
[White "Irkilmez, Yakub"]
[Black "Limbourg, Philipp"]
[Result "1/2-1/2"]
[WhiteElo "2111"]
[BlackElo "2201"]
[PlyCount "23"]
[EventDate "2024.??.??"]
[SourceVersionDate "2023.09.04"]

1. Nf3 d6 2. g3 Nc6 3. Bg2 g6 4. O-O Bg7 5. d3 e5 6. c4 f5 7. Nc3 Nf6 8. Rb1 O-O 9. b4 Qe7 10. b5 Nd8 11. Qc2 Ne6 12. e3 1/2-1/2

[Event "Mülheim-Nord III - Katernberg 2"]
[Site "?"]
[Date "2024.03.10"]
[Round "7.4"]
[White "Mainusch, Martin"]
[Black "Meyer, Armin"]
[Result "1/2-1/2"]
[WhiteElo "2065"]
[BlackElo "2190"]
[PlyCount "36"]
[EventDate "2024.??.??"]
[SourceVersionDate "2023.09.04"]

1. c4 c5 2. g3 g6 3. Bg2 Bg7 4. Nc3 Nc6 5. Nf3 d6 6. O-O Bf5 7. d3 Qd7 8. Be3 Nd4 9. Bxd4 cxd4 10. Nb5 e5 11. Qa4 Ke7 12. Qb4 Nh6 13. c5 Rhd8 14. Nxd6 Rab8 15. Nc4 Qc7 16. Nfd2 Bf8 17. Rac1 Kf6 18. Qa4 Bxc5 1/2-1/2

[Event "Mülheim-Nord III - Katernberg 2"]
[Site "?"]
[Date "2024.03.10"]
[Round "7.5"]
[White "Villwock, Martin"]
[Black "Roitburd, Talik"]
[Result "1-0"]
[WhiteElo "2082"]
[BlackElo "2130"]
[PlyCount "55"]
[EventDate "2024.??.??"]
[SourceVersionDate "2023.09.04"]

1. e4 e5 2. Nf3 Nc6 3. Bb5 a6 4. Ba4 Nf6 5. O-O b5 6. Bb3 Bc5 7. d3 d6 8. c3 O-O 9. Be3 Rb8 10. Nbd2 Bxe3 11. fxe3 d5 12. exd5 Nxd5 13. Qe2 h6 14. Rad1 a5 15. c4 bxc4 16. Nxc4 f6 17. Nh4 Be6 18. Nf5 Qd7 19. Qg4 Bxf5 20. Rxf5 Kh7 21. d4 g6 22. Bc2 Nce7 23. Nxe5 Qe8 24. Nxg6 Nxg6 25. Rxd5 f5 26. Bxf5 Rxf5 27. Qxf5 Qg8 28. Rd7+ 1-0

[Event "Mülheim-Nord III - Katernberg 2"]
[Site "?"]
[Date "2024.03.10"]
[Round "7.6"]
[White "Schmidt, Kevin"]
[Black "Gassmann, Volker"]
[Result "1/2-1/2"]
[WhiteElo "1975"]
[BlackElo "2086"]
[PlyCount "120"]
[EventDate "2024.??.??"]
[SourceVersionDate "2023.09.04"]

1. e4 e6 2. d4 d5 3. Nd2 c5 4. Ngf3 cxd4 5. exd5 Qxd5 6. Nb3 Nc6 7. Nbxd4 Nxd4 8. Qxd4 Nf6 9. Be3 Qxd4 10. Bxd4 Bd6 11. Rd1 Ke7 12. Bc4 a6 13. O-O b5 14. Bb3 Bb7 15. Ne5 Rac8 16. Nxf7 Kxf7 17. Bxf6 Bxh2+ 18. Kxh2 Kxf6 19. Rd6 Rc6 20. Rfd1 Rhc8 21. Bxe6 Rxd6 22. Rxd6 Rxc2 23. Bb3+ Ke7 24. Bxc2 Kxd6 25. Bxh7 Ke5 26. Kg3 a5 27. f3 Bd5 28. a3 b4 29. axb4 axb4 30. Kf2 Kd4 31. Ke2 Bc4+ 32. Kd2 Bd5 33. Bg6 Bb7 34. Bf7 Bc6 35. Bh5 Bd5 36. g3 g5 37. Bg4 Bc4 38. Bf5 Bd5 39. f4 gxf4 40. gxf4 Bb3 41. Bg6 Bg8 42. Bc2 Bf7 43. Bd3 Bb3 44. Bg6 Bg8 45. f5 Ke5 46. Ke3 Bc4 47. Bh7 Bb5 48. f6 Kxf6 49. Kd4 Ke7 50. Kc5 Be2 51. Kxb4 Kd6 52. Be4 Kc7 53. Kc5 Bf1 54. b4 Be2 55. Bd5 Bf1 56. Bc4 Bxc4 57. Kxc4 Kc6 58. b5+ Kb6 59. Kb4 Kb7 60. Kc5 Kc7 1/2-1/2

[Event "Mülheim-Nord III - Katernberg 2"]
[Site "?"]
[Date "2024.03.10"]
[Round "7.7"]
[White "Dahm, Bernd"]
[Black "Brockhaus, Bernd"]
[Result "1/2-1/2"]
[WhiteElo "2087"]
[BlackElo "1997"]
[PlyCount "65"]
[EventDate "2024.??.??"]
[SourceVersionDate "2023.09.04"]

1. d4 g6 2. c4 Bg7 3. e4 d6 4. Nc3 c6 5. Be3 f5 6. f3 Nh6 7. Qd2 Nf7 8. Bd3 f4 9. Bf2 e5 10. Nge2 g5 11. h3 Nd7 12. O-O-O exd4 13. Nxd4 Nde5 14. Be2 Qf6 15. Rhe1 h5 16. Rh1 h4 17. Qc2 b6 18. Rd2 O-O 19. Re1 Rd8 20. Bg1 Bf8 21. Qb3 Bd7 22. Kb1 Rab8 23. Rc1 Kh7 24. Ka1 Bg7 25. Nd1 Bf8 26. Qc2 a5 27. Nc3 Rdc8 28. Qd1 Ra8 29. Qb3 Rcb8 30. Qd1 Rb7 31. Bf2 Kg8 32. Bg1 Kh7 33. Bf2 1/2-1/2

[Event "Mülheim-Nord III - Katernberg 2"]
[Site "?"]
[Date "2024.03.10"]
[Round "7.8"]
[White "Hauffe, Frank"]
[Black "Dette, Jan"]
[Result "0-1"]
[WhiteElo "1717"]
[BlackElo "2079"]
[PlyCount "44"]
[EventDate "2024.??.??"]
[SourceVersionDate "2023.09.04"]

1. b3 e5 2. Bb2 Nc6 3. e3 d5 4. Bb5 Bd6 5. Nf3 Qe7 6. O-O Nf6 7. h3 O-O 8. Bxc6 bxc6 9. d4 e4 10. Nfd2 Rb8 11. c4 c5 12. cxd5 Ba6 13. Re1 Nxd5 14. Nc3 Nf6 15. Ne2 Rfd8 16. Rc1 Nd5 17. dxc5 Bxc5 18. Qc2 Bb4 19. Nc3 Bd3 20. Nxd5 Rxd5 21. Qd1 Rbd8 22. Bd4 c5 0-1

[Event "Katernberg - Erkenschwick"]
[Site "?"]
[Date "2024.03.10"]
[Round "7.1"]
[White "Nijboer, Friso"]
[Black "Tomic, Bosko"]
[Result "1-0"]
[WhiteElo "2463"]
[BlackElo "2430"]
[PlyCount "99"]
[EventDate "2024.??.??"]
[SourceVersionDate "2023.09.04"]

1. e4 c5 2. Nf3 d6 3. d4 cxd4 4. Nxd4 Nf6 5. Nc3 Nc6 6. Bg5 Bd7 7. Qd2 Rc8 8. f3 a6 9. h4 e6 10. O-O-O Qa5 11. Kb1 b5 12. Nxc6 Bxc6 13. Ne2 Qxd2 14. Bxd2 d5 15. e5 Nd7 16. f4 Nc5 17. Nd4 Ne4 18. Be1 Bc5 19. Be2 Bxd4 20. Rxd4 f6 21. exf6 gxf6 22. g4 e5 23. Rd1 O-O 24. Rf1 Rfe8 25. g5 exf4 26. gxf6 Nxf6 27. Bd3 Ne4 28. Rxf4 Re6 29. Bb4 Rc7 30. h5 h6 31. a3 Rf7 32. Rg1+ Ng5 33. Bd2 Rg7 34. Rfg4 Be8 35. Bxg5 Bxh5 36. R4g3 hxg5 37. Rxg5 Ree7 38. b4 Bf3 39. Rxg7+ Rxg7 40. Rxg7+ Kxg7 41. Bf5 Kf6 42. Bc8 a5 43. bxa5 Ke7 44. Ba6 Kd6 45. Bxb5 Kc5 46. Bd3 d4 47. Kc1 Bc6 48. Kd2 Kd6 49. Ke1 Ke5 50. Kf2 1-0

[Event "Katernberg - Erkenschwick"]
[Site "?"]
[Date "2024.03.10"]
[Round "7.2"]
[White "Kueppers, Timo"]
[Black "Ris, Robert"]
[Result "1/2-1/2"]
[WhiteElo "2265"]
[BlackElo "2440"]
[PlyCount "37"]
[EventDate "2024.??.??"]
[SourceVersionDate "2023.09.04"]

1. c4 e5 2. g3 d6 3. Nc3 f5 4. d4 Be7 5. Bg2 Nf6 6. dxe5 dxe5 7. Qxd8+ Bxd8 8. e4 Nc6 9. Nf3 Nxe4 10. Nxe4 fxe4 11. Ng5 Bxg5 12. Bxg5 Bf5 13. O-O h6 14. Bd2 O-O-O 15. Bc3 Nd4 16. Rae1 Rhf8 17. Bxe4 Bh3 18. Bxd4 exd4 19. Bg2 1/2-1/2

[Event "Katernberg - Erkenschwick"]
[Site "?"]
[Date "2024.03.10"]
[Round "7.3"]
[White "De Vreugt, Dennis"]
[Black "Schimnatkowski, Lukas"]
[Result "1-0"]
[WhiteElo "2414"]
[BlackElo "2174"]
[PlyCount "69"]
[EventDate "2024.??.??"]
[SourceVersionDate "2023.09.04"]

1. e4 e5 2. Nf3 Nc6 3. Bb5 a6 4. Ba4 Nf6 5. O-O Be7 6. Re1 b5 7. Bb3 O-O 8. Nc3 d6 9. Nd5 Na5 10. d4 Nxd5 11. exd5 exd4 12. Nxd4 Bf6 13. Be3 Re8 14. Qd2 Nxb3 15. axb3 Bd7 16. b4 Re4 17. c3 Qe7 18. Ne2 Re8 19. Rxa6 h5 20. Ra7 Bg4 21. Ng3 Re5 22. h3 h4 23. Nf1 Bf5 24. f4 Re4 25. Raa1 Qd7 26. Bf2 c6 27. dxc6 Qxc6 28. Rxe4 Bxe4 29. Ne3 Re6 30. Rd1 Be7 31. Kh2 Rg6 32. Rg1 f5 33. Qe1 d5 34. Nxf5 Bd6 35. Nxh4 1-0

[Event "Katernberg - Erkenschwick"]
[Site "?"]
[Date "2024.03.10"]
[Round "7.4"]
[White "Wessendorf, Thomas"]
[Black "Jens, Jelmer"]
[Result "0-1"]
[WhiteElo "2270"]
[BlackElo "2365"]
[PlyCount "66"]
[EventDate "2024.??.??"]
[SourceVersionDate "2023.09.04"]

1. e4 c5 2. Nf3 d6 3. Bc4 Nf6 4. Qe2 Nc6 5. c3 Bg4 6. h3 Bxf3 7. Qxf3 g6 8. d3 Bg7 9. Nd2 O-O 10. Bb3 b5 11. O-O a5 12. a3 Qc7 13. Qe3 Nd7 14. Nf3 Qb6 15. Bd2 e6 16. Kh1 Rab8 17. Rab1 Rfc8 18. Ng5 Re8 19. f4 c4 20. dxc4 Nc5 21. Bc2 bxc4 22. Qg3 f6 23. Nf3 f5 24. Be3 Qb5 25. a4 Nxa4 26. Nd4 Nxd4 27. Bxd4 e5 28. fxe5 dxe5 29. exf5 exd4 30. f6 Rb7 31. fxg7 d3 32. Rf8+ Kxg7 33. Rxe8 dxc2 0-1

[Event "Katernberg - Erkenschwick"]
[Site "?"]
[Date "2024.03.10"]
[Round "7.5"]
[White "Spriestersbach, Kai"]
[Black "Gruenter, Martin"]
[Result "1-0"]
[WhiteElo "2260"]
[BlackElo "2211"]
[PlyCount "55"]
[EventDate "2024.??.??"]
[SourceVersionDate "2023.09.04"]

1. e4 c5 2. Nf3 d6 3. d4 cxd4 4. Nxd4 Nf6 5. Nc3 a6 6. Be3 e5 7. Nb3 Be6 8. h3 Be7 9. f4 exf4 10. Bxf4 Nc6 11. Qe2 O-O 12. O-O-O Qc7 13. g4 Nd7 14. g5 Nce5 15. Qg2 Rac8 16. Kb1 Nb6 17. Bc1 Rfe8 18. Nd5 Bxd5 19. exd5 Nbc4 20. h4 Bf8 21. h5 Qb6 22. Rh3 a5 23. g6 fxg6 24. hxg6 hxg6 25. Qh2 Be7 26. Rh8+ Kf7 27. Bh3 Bf8 28. Rf1+ 1-0

[Event "Katernberg - Erkenschwick"]
[Site "?"]
[Date "2024.03.10"]
[Round "7.6"]
[White "Rosen, Bernd"]
[Black "Erwich, Marc"]
[Result "1/2-1/2"]
[WhiteElo "2287"]
[BlackElo "2323"]
[PlyCount "144"]
[EventDate "2024.??.??"]
[SourceVersionDate "2023.09.04"]

1. c4 Nf6 2. g3 e5 3. Bg2 g6 4. Nc3 Bg7 5. d3 O-O 6. e4 d6 7. Nge2 Nc6 8. O-O a6 9. h3 Rb8 10. Be3 Be6 11. Rc1 Qd7 12. Kh2 b5 13. b3 Ne7 14. Nd5 bxc4 15. dxc4 c6 16. Nxf6+ Bxf6 17. Nc3 Rfd8 18. Qe2 Bg7 19. Rfd1 Qb7 20. Rd2 Rd7 21. Rcd1 Rbd8 22. Na4 c5 23. f4 Qc7 24. Qf2 f6 25. Nc3 Nc6 26. Nd5 Bxd5 27. cxd5 Nd4 28. b4 cxb4 29. Bxd4 exd4 30. Rc2 Qa7 31. Qxd4 Qxd4 32. Rxd4 Rb7 33. Rc6 Ra8 34. Rxd6 a5 35. Rc6 a4 36. d6 Rd8 37. Rc7 Rbb8 38. d7 b3 39. axb3 axb3 40. Rd1 Kf8 41. h4 Ke7 42. Bh3 b2 43. Rb1 Rb5 44. Rc2 f5 45. e5 Rxd7 46. Rbxb2 Rxb2 47. Rxb2 Bf8 48. Bg2 Kf7 49. Bc6 Rc7 50. Bd5+ Kg7 51. Rb8 Ra7 52. Kh3 Bc5 53. g4 fxg4+ 54. Kxg4 Rd7 55. Rg8+ Kh6 56. Be4 Rd4 57. Kf3 Rd1 58. Rc8 Rf1+ 59. Kg4 Rg1+ 60. Kh3 Be3 61. Rf8 Kg7 62. Rf6 Bf2 63. Bd5 Rg3+ 64. Kh2 h5 65. Rf7+ Kh6 66. Rb7 Rg4 67. Bg8 Rxh4+ 68. Kg2 Rxf4 69. e6 Rf8 70. Bf7 Bh4 71. e7 Bxe7 72. Rxe7 Kg5 1/2-1/2